00363nam a2200133Ia 4500008004100000020001500041041001200056082002300068100003100091245004100122260002700163300001600190650002300206231217s9999 xx 000 0 und d a8178812800 aEnglish a658.404 KES1;1 R aKesiraju, Krishnaphani ed. 0aProject management : an introduction c2004bIcfaiaHyderabad axi, 171+A11 aProject,management